Practical statistics and probability
Bewaard in:
| Hoofdauteur: | |
|---|---|
| Formaat: | Boek |
| Taal: | Undetermined |
| Gepubliceerd in: |
Cambridge
Cambridge University Press
1974
|
| Onderwerpen: | |
| Tags: |
Voeg label toe
Geen labels, Wees de eerste die dit record labelt!
|
| Thư viện lưu trữ: | Trung tâm Học liệu Trường Đại học Cần Thơ |
|---|
| LEADER | 00495nam a2200181Ia 4500 | ||
|---|---|---|---|
| 001 | CTU_69004 | ||
| 008 | 210402s9999 xx 000 0 und d | ||
| 082 | |a 519 | ||
| 082 | |b L897 | ||
| 100 | |a Loveday, Robert | ||
| 245 | 0 | |a Practical statistics and probability | |
| 245 | 0 | |c Robert Loveday | |
| 260 | |a Cambridge | ||
| 260 | |b Cambridge University Press | ||
| 260 | |c 1974 | ||
| 650 | |a Statistics,Probabilities | ||
| 904 | |i TUYEN | ||
| 980 | |a Trung tâm Học liệu Trường Đại học Cần Thơ | ||